Cuentos en tono menor / (Registro nro. 12698)
[ vista simple ]
| 000 -CABECERA | |
|---|---|
| campo de control de longitud fija | 00533nam a2200181 a 4500 |
| 001 - NÚMERO DE CONTROL | |
| campo de control | 000013056 |
| 005 - FECHA Y HORA DE LA ÚLTIMA TRANSACCIÓN | |
| campo de control | 20200929163128.0 |
| 008 - DATOS DE LONGITUD FIJA--INFORMACIÓN GENERAL | |
| campo de control de longitud fija | 091119s1969 ve 001 j spa d |
| 040 ## - FUENTE DE LA CATALOGACIÓN | |
| Centro catalogador/agencia de origen | DO-SdBNP |
| Lengua de catalogación | spa |
| Centro/agencia transcriptor | BNPHU |
| 082 ## - NÚMERO DE LA CLASIFICACIÓN DECIMAL DEWEY | |
| Número de clasificación | V863.44 |
| Número de documento/Ítem | G914c |
| 049 ## - FONDOS LOCALES (OCLC) | |
| Fondos de biblioteca | BNGR |
| 100 1# - ENTRADA PRINCIPAL--NOMBRE DE PERSONA | |
| Nombre de persona | Guaramato, Oscar, |
| Fechas asociadas al nombre | 1916- |
| 9 (RLIN) | 30176 |
| 245 10 - MENCIÓN DE TÍTULO | |
| Título | Cuentos en tono menor / |
| Mención de responsabilidad, etc. | Oscar Guaramato. |
| 260 ## - PUBLICACIÓN, DISTRIBUCIÓN, ETC. | |
| Lugar de publicación, distribución, etc. | Caracas : |
| Nombre del editor, distribuidor, etc. | Monte Ávila, |
| Fecha de publicación, distribución, etc. | 1969. |
| 300 ## - DESCRIPCIÓN FÍSICA | |
| Extensión | 103, [2] ; |
| Dimensiones | 19 cm. |
| 650 #4 - PUNTO DE ACCESO ADICIONAL DE MATERIA--TÉRMINO DE MATERIA | |
| Término de materia o nombre geográfico como elemento de entrada | Cuentos venezolanos |
| 9 (RLIN) | 3815 |
| 650 #4 - PUNTO DE ACCESO ADICIONAL DE MATERIA--TÉRMINO DE MATERIA | |
| Término de materia o nombre geográfico como elemento de entrada | Literatura venezolana |
| Subdivisión cronológica | SIGLO XX |
| 9 (RLIN) | 9777 |
| Estado de retiro | Estado de pérdida | Restricciones de uso | No para préstamo | Código de colección | Localización permanente | Ubicación/localización actual | Ubicación en estantería | Fecha de adquisición | Número de inventario | Total de préstamos | Signatura topográfica completa | Código de barras | Fecha visto por última vez | Precio válido a partir de | Tipo de ítem Koha |
|---|---|---|---|---|---|---|---|---|---|---|---|---|---|---|---|
| Préstamo interno | Monografías: Libros y Folletos | General | General | En catalogación | 19.11.2009 | LF1 | V863.44 G914c | 13056-10 | 25.06.2020 | 25.06.2020 | Préstamo interno |
